La Llamada - Selena y Los Dinos Lyrics Quiz - Estadísticas

Estadísticas generales
  • Esta prueba ha sido intentada 7 veces
  • La puntuación promedio es 141 de 242
Estadísticas de respuestas
Respuesta % Correcto
te
100%
Te
100%
a
75%
canalla
75%
con
75%
el
75%
ella
75%
la
75%
llamar
75%
me
75%
negar
75%
No
75%
no
75%
puedes
75%
si
75%
Si
75%
vi
75%
vuelves
75%
besaban
50%
charlaban
50%
cierto
50%
convencer
50%
de
50%
debes
50%
disimular
50%
era
50%
eran
50%
eres
50%
explicar
50%
fiel
50%
labios
50%
lo
50%
los
50%
mas
50%
mientas
50%
nada
50%
que
50%
quieres
50%
sincero
50%
sirvio
50%
solo
50%
tener
50%
tratando
50%
tus
50%
verguenza
50%
Verguenza
50%
vuelvas
50%
y
50%
yo
50%
canse
25%
colgar
25%
debias
25%
doy
25%
escuchar
25%
excusas
25%
mentiras
25%
Oh
25%
oportunidad
25%
otra
25%
pena
25%
perdonar
25%
vales
25%
voy
25%
vuelvo
25%
ya
25%
No se encontraron pruebas coincidentes
Distribución de puntuación
Porcentaje de gente con cada puntuación
Porcentaje por número respondido
Historial de tus puntuaciones
No has intentado esta prueba.